000 01201cam a2200361 4500
001 WS105132
008 000000n 000 0 eng u
035 _a(Sirsi) u105132
110 _aInvestment Property Databank
_92288
245 _aInvestment Property Databank
520 _aSite for this company which describes itself as an 'independent information specialist business, dedicated to performance measurement and market analysis for the property industry'. The web site details services and allows you to request information online, also gives access to some of their annual statistics.
650 _aIPD UK ANNUAL INDEX
650 _aOFFICES
650 _aRETAIL
650 _aINDUSTRIAL
650 _aEIRE
650 _aSWEDEN
650 _aNETHERLANDS
650 _aEUROPE
650 _aSOUTH AFRICA
650 _aGERMANY
650 _aFRANCE
650 _aRANKING
650 _aTOWNS
650 _aPERFORMANCE
650 _aYIELDS
650 _aINDICES
650 _aIPD
650 _aValuation
_96273
690 _aPROPERTY-COMMERCIAL PROPERTY
856 4 0 _uhttps://www.ipdindex.co.uk
_zView the website free of charge at www.ipdindex.co.uk...
942 _n0
999 _c119469
_d119469